Car Brands: No Vowels - Statistics

General Stats
  • This quiz has been taken 4,213 times
  • The average score is 17 of 20
Answer Stats
Hint Car Brand % Correct
LMBRGHN Lamborghini
98%
CHVRLT Chevrolet
97%
FRD Ford
97%
JGR Jaguar
97%
HND Honda / Hyundai
96%
LXS Lexus
96%
CDLLC Cadillac
95%
FRRR Ferrari
95%
MZD Mazda
95%
BNTL Bentley
94%
MSRT Maserati
90%
BGTT Bugatti
88%
CHRSLR Chrysler
87%
DDG Dodge
86%
JP Jeep
81%
FT Fiat
76%
CTRN Citroen
73%
BCK Buick
69%
D Audi
31%
CR Acura
28%
No matching quizzes found
Score Distribution
Percent of People with Each Score
Percentile by Number Answered
Your Score History
You have not taken this quiz